1708 1044 1511 1862 1121 1638 1973 1396 1293 1379 1951 1350 1850 1425 1262 1494 1996 1495 1643 1167 1575 1066 1689 1072 1071 1423 1186 1375 1868 1064 1429 1100 1097 1930 1952 1505 1903 1074 1033 1574 1599 1127 1771 1822 1302 1769 1444 1154 1465 1283 1181 1944 1358 1675 1165 1497 1246 1550 1125 1655 1256 1157 1293 1243 1396 1174 1314 1660 1135 1064 1583 1065 1184 1846 1987 1737 1925 1944 1206 1976 1714 1179 1267 1701 1173 1704 1326 1585 1384 1821 1931 1613 1453 1072 1745 1262 1196 1487 1281 BCNSPRNW ULIB Ver.6.0+V

เปลี่ยนเป็นภาษาไทย

Change to English
 แสดงรายละเอียดบรรณานุกรม
  กลับหน้าหลัก

Brief Record : Get Marc (ISO 2709) : E-mail record : QR code < ปิดหน้าต่าง
LEADER : 01174nam 2200277 a 4500
001    13399112529
003     ULIB
008    030417s2554 caua sb 001 0 tha
020    ^a9786165000697
099    นว.^bช465อ 2554
100    ^aชาครีย์นรทิพย์
245    ^aอาณาจักร์แห่งเม็ดทราย/^cชาครีย์นรทิพย์
260    กรุงเทพฯ:^bพิมพ์คำ,^c2554
300    504 sohk
945    ^p0^l0^i030458
995    เกษร
999    ^aKey new Using ULIBM easy add form
รายการนี้ยังไม่มีแท็ก
คุณยังไม่ได้ล็อกอิน คุณสามารถมีกิจกรรมร่วมกับเว็บไซต์ได้ แต่ต้องล็อกอินก่อน ::
  ล็อกอิน

รายการสื่อสารสนเทศ

ลำดับที่ ประเภท เลขเรียก/บาร์โค้ด สถานที่ สถานะ
1. นวนิยาย
นวนิยาย
นว. ช465อ 2554  
  Barcode: 030458
ห้องสมุดวิทยาเขตสวรรค์ประชารักษ์
►นวนิยาย
บนชั้น
  ขอยืม

รายการใกล้เคียง
    ผู้แต่ง [ชาครีย์นรทิพย์]

    หัวเรื่อง []

BibComment


ยังไม่เคยถูกคอมเมนท์

คอมเมนท์ทรัพยากรรายการนี้
  คอมเมนท์: อาณาจักร์แห่งเม็..


 Copyright 2026. Bcnsprnw @Library